| 000 | 01202 a2200229 4500 | ||
|---|---|---|---|
| 001 | 50229 | ||
| 005 | 20260407155802.0 | ||
| 008 | 260407a1984 arg spa d | ||
| 003 | AR-UNSa-BCEJYS | ||
| 040 |
_aAR-UNSa-BCEJYS _bspa _cAR-UNSa-BCEJYS |
||
| 080 |
_a330.1 _xCiencia económica. Conceptos fundamentales de teoría económica. Valor. Capital. Fondos |
||
| 245 | 1 | 0 | _aEconomía, ciencia e ideología |
| 020 | _a950-9109-24-X | ||
| 264 | 1 |
_aBuenos Aires : _bTesis _c1984 |
|
| 300 |
_a201 p. _c22 cm. |
||
| 505 | _a1. Conocimiento económico - 2. Conceptos teóricos - 3. Estática, dinámica, equilibrio - 4. Equilibrio económico - 5. Casualidad, interacción - 6. Estructura, estructuralismo - 7. Valores, juicios de valor - 8. Liberalismo, Laissez-Faire - 9. Marxismo - 10. Imperialismo, nacionalismo, dependencia - 11. Crecimiento, desarrollo, poder económico, defensa nacional - 12. Planeamiento, cooperación, competencia - 13. Keynes - 14. ¿Monetarismo? . | ||
| 041 | _aspa | ||
| 942 | _cBK | ||
| 590 | _aniveau_biblio:m niveau_hierar:0 | ||
| 100 | 1 | _aVázquez-Presedo, Vicente | |
| 856 | 4 | 1 |
_uhttps://biblioeco.unsa.edu.ar/pmb/images/libros/L128614.jpg _yImagen de portada _qimage/jpeg |
| 999 |
_c4985 _d4985 |
||